Análisis de pavimentos en la radial Zapote- Plaza Gonzalez Víquez
Guardado en:
| Hovedforfatter: | |
|---|---|
| Format: | Bog |
| Udgivet: |
[San José , Costa Rica]
1986
|
| Fag: | |
| Tags: |
Tilføj Tag
Ingen Tags, Vær først til at tagge denne postø!
|
MARC
| LEADER | 00000nam a2200000Ia 4500 | ||
|---|---|---|---|
| 003 | 002926 | ||
| 005 | 20221231144402.0 | ||
| 008 | 140114s1985 cr a m 000 ||s d | ||
| 040 | |c cru CEDI | ||
| 090 | |a TFG 1700 | ||
| 100 | |a Quesada Zamora, Allen |9 14522 | ||
| 245 | |a Análisis de pavimentos en la radial Zapote- Plaza Gonzalez Víquez | ||
| 260 | |c 1986 |a [San José , Costa Rica] | ||
| 300 | |a v, [119] hojas : ilustraciones (1 plegables) | ||
| 500 | |a Tesis (licenciatura en ingeniería civil)--Universidad de Costa Rica. Facultad de Ingeniería. Escuela de Ingeniería Civil | ||
| 650 | |x PAVIMENTOS |x CARRETERA ZAPOTE-PLAZA GONZALEZ VIQUEZ |9 14523 | ||
| 942 | |c TFG | ||
| 999 | |c 21097 |d 21097 | ||
